000
00320nam a2200133Ia 4500
005
20251222155153.0
008
251222s9999||||xx |||||||||||||| ||spa||
082
_a
NUT.37
100
_a
Linkages.
245
0
_a
Prácticas alimentarias y dietéticas recomendadas
250
_a
1ra. ed.
264
_b
USAID
942
_c
LIB
999
_c
39624
_d
39624